000 00871nam a22002417a 4500
003 MX-MxINE
005 20260601193904.0
008 260509t1979 mx a|||| |||| 00| 0 spa d
040 _aMX-MxINE
_bspa
_cMX-MxINE
_erda
050 _aTS171
_bC63 1979
100 _eautor
111 _aCongress of the council of societies of industrial design
_n(11o. :
_dMéxico :
_c1979)
_934357
245 _aDiseño industrial como factor de desarrollo humano = Industrial design as a factor in human developmet
264 _aMéxico :
_bConsejo Internacional de Sociedades de Diseño Industrial,
_c1979
300 _a135 páginas :
_bilustraciones
336 _2rdacontent
_atexto
337 _2rdamedia
_asin medio
338 _2rdacarrier
_avolumen
650 _aDiseño industrial
650 _aInnovaciones tecnológicas
650 _aDiseño de productos
942 _2lcc
_cB
_n1
999 _c22357
_d22357